Normal view MARC view

Entry Personal Name

Number of records used in: 1

001 - CONTROL NUMBER

  • control field: 48505

003 - CONTROL NUMBER IDENTIFIER

  • control field: dpl

005 - DATE AND TIME OF LATEST TRANSACTION

  • control field: 20120606125127.0

008 - FIXED-LENGTH DATA ELEMENTS

  • fixed length control field: 120606|||a|||||| | ||| d

040 ## - CATALOGING SOURCE

  • Original cataloging agency: dpl
  • Transcribing agency: dpl

100 ## - HEADING--PERSONAL NAME

  • Personal name: Bhandarker, Asha

670 ## - SOURCE DATA FOUND

  • Source citation: Work cat.: (dpl): Pritam Singh 48482 1941-, Millennials and the workplace :, 2012

670 ## - SOURCE DATA FOUND

  • Source citation: Work cat.: (dpl): Pritam Singh 48482 1941-, Millennials and the workplace :, 2012

© Delhi Public Library
Hit Counter
free hit counter